[Event "SR Extraliga 2017/2018"]
[Site "?"]
[Date "2018.03.02"]
[Round "9.5"]
[White "Mrva, Martin"]
[Black "Repka, Christopher"]
[Result "1-0"]
[WhiteElo "2414"]
[BlackElo "2524"]
[PlyCount "119"]
[EventDate "2017.??.??"]

1. e4 e6 2. g3 d5 3. Bg2 Nc6 4. exd5 exd5 5. d4 Bf5 6. c3 Qd7 7. Nd2 O-O-O 8.
Nf1 Nf6 9. Ne3 Re8 10. Kf1 Be6 11. h3 Ne7 12. Ne2 Nf5 13. Nf4 Nxe3+ 14. Bxe3
Bf5 15. Qb3 Be4 16. Bxe4 dxe4 17. c4 g6 18. d5 Bh6 19. Qa3 a6 20. Qc5 b6 21.
Qa3 Kb7 22. Kg2 Qf5 23. Rhe1 Bxf4 24. Bxf4 h5 25. Qa4 Qd7 26. Qxd7 Nxd7 27. f3
Nc5 28. fxe4 Nxe4 29. Rad1 g5 30. Bc1 f5 31. Rf1 h4 32. Rxf5 Nxg3 33. Rf7 Rhf8
34. Rxf8 Rxf8 35. Re1 Rf5 36. b3 Kc8 37. Re7 Kd8 38. Rg7 Ne4 39. Be3 b5 40. Rg6
bxc4 41. bxc4 a5 42. a4 Kc8 43. Rg7 Kb8 44. c5 Rxd5 45. c6 Rd8 46. Kf3 Nd2+ 47.
Kg4 Nc4 48. Bxg5 Rd6 49. Bf4 Rxc6 50. Kxh4 Nb6 51. Rg5 Rc4 52. Kg3 Rxa4 53. Rc5
Kb7 54. Rxc7+ Ka6 55. Rc5 Ra1 56. h4 a4 57. h5 a3 58. Rc1 Ra2 59. h6 Nd5 60.
Be5 1-0

[Event "SR Extraliga 2017/2018"]
[Site "?"]
[Date "2018.03.02"]
[Round "9.6"]
[White "Repkova, Eva"]
[Black "Pinter, Erik"]
[Result "1-0"]
[WhiteElo "2292"]
[BlackElo "2367"]
[PlyCount "75"]
[EventDate "2017.??.??"]

1. e4 c5 2. Nf3 Nc6 3. Bc4 e6 4. O-O a6 5. Re1 Nf6 6. e5 d5 7. exf6 dxc4 8.
fxg7 Bxg7 9. Qe2 b5 10. a4 Bb7 11. axb5 axb5 12. Rxa8 Bxa8 13. Nc3 Nb4 14. Ne5
Nxc2 15. Nxf7 Qd7 16. Ne5 Qb7 17. Qh5+ Kf8 18. Re4 Nd4 19. d3 Nf5 20. Nd5 Bxe5
21. Rxe5 Qf7 22. Rxf5 exf5 23. Bh6+ Ke8 24. Nc7+ Ke7 25. Bg5+ Kf8 26. Qh6+ Kg8
27. Nxa8 cxd3 28. Bd2 Qg6 29. Qf4 Qg4 30. Qb8+ Kf7 31. Qc7+ Ke8 32. Qc6+ Kf7
33. Qd7+ Kf6 34. Bc3+ Kg6 35. f3 Qf4 36. Qg7+ Kh5 37. Qf7+ Kh6 38. Qf6+ 1-0

[Event "SR Extraliga 2017/2018"]
[Site "?"]
[Date "2018.03.02"]
[Round "9.7"]
[White "Pcola, Pavol"]
[Black "Frindt, Kornel"]
[Result "1-0"]
[WhiteElo "2379"]
[BlackElo "2224"]
[PlyCount "123"]
[EventDate "2017.??.??"]

1. c4 Nf6 2. g3 g6 3. Bg2 Bg7 4. Nc3 O-O 5. d4 d6 6. b3 Nbd7 7. e3 e5 8. Nge2
Re8 9. O-O Rb8 10. Qc2 exd4 11. Nxd4 Nc5 12. Bb2 Ne6 13. Nxe6 Bxe6 14. e4 Ng4
15. h3 Ne5 16. Nd5 c6 17. Nf4 Bd7 18. Rad1 Qc7 19. Qd2 Rbd8 20. Ba3 Qc8 21.
Bxd6 f5 22. exf5 Bxf5 23. Rfe1 Qd7 24. c5 Qf7 25. Re3 g5 26. Ne2 g4 27. hxg4
Bxg4 28. f4 Ng6 29. Bf3 Rxe3 30. Qxe3 Re8 31. Qf2 Bxf3 32. Qxf3 Qf5 33. Rd3 Qe6
34. Kf2 Qh3 35. Re3 Qh2+ 36. Ke1 Rxe3 37. Qxe3 Qh1+ 38. Kd2 Kf7 39. Qd3 Bf6 40.
g4 Kg7 41. g5 Bb2 42. f5 Nh4 43. f6+ Kg8 44. Kc2 Bxf6 45. gxf6 Qd5 46. Qxd5+
cxd5 47. Nf4 Kf7 48. Nxd5 Ke6 49. Be7 Kxd5 50. f7 Ng6 51. f8=Q Nxf8 52. Bxf8 h5
53. Kc3 h4 54. Kb4 h3 55. Bd6 b6 56. Bh2 bxc5+ 57. Kc3 a5 58. a4 c4 59. bxc4+
Ke4 60. Bb8 Ke3 61. c5 Ke4 62. Kc4 1-0

[Event "SR Extraliga 2017/2018"]
[Site "?"]
[Date "2018.03.02"]
[Round "9.8"]
[White "Najgebauer, Szemjon"]
[Black "Krak, Tomas"]
[Result "1/2-1/2"]
[WhiteElo "2163"]
[BlackElo "2266"]
[PlyCount "101"]
[EventDate "2017.??.??"]

1. Nf3 Nf6 2. c4 c5 3. Nc3 e6 4. d4 cxd4 5. Nxd4 Nc6 6. e4 Bb4 7. Qd3 Qa5 8.
Bd2 Nxd4 9. Qxd4 e5 10. Qe3 d6 11. Be2 Be6 12. O-O O-O 13. a3 Bxc3 14. Bxc3 Qa4
15. Rac1 Qc6 16. f3 b6 17. Rfd1 Rfd8 18. Be1 Nh5 19. g3 Nf6 20. Bf2 Rac8 21. b4
Nd7 22. Qd2 Nf8 23. Be3 f6 24. Qe1 Qe8 25. Qf1 Qg6 26. Qf2 Qf7 27. Qf1 Ng6 28.
c5 bxc5 29. bxc5 d5 30. exd5 Rxd5 31. c6 Ne7 32. c7 Nf5 33. Bxa7 Rxc7 34. Bf2
Nd4 35. Be3 Qe7 36. Rxc7 Qxc7 37. Rc1 Rc5 38. Rxc5 Qxc5 39. a4 Qc3 40. Kf2 Bb3
41. Qc1 Qxc1 42. Bxc1 Bxa4 43. Bc4+ Kf8 44. Ba3+ Ke8 45. Bc5 Nc6 46. Ke3 Ne7
47. f4 Bc6 48. Be6 Bd7 49. Bc4 Ng6 50. Bd3 exf4+ 51. gxf4 1/2-1/2

[Event "SR Extraliga 2017/2018"]
[Site "?"]
[Date "2018.03.02"]
[Round "9.1"]
[White "Erdos, Viktor"]
[Black "Banusz, Tamas"]
[Result "1/2-1/2"]
[WhiteElo "2627"]
[BlackElo "2618"]
[PlyCount "42"]
[EventDate "2017.??.??"]

1. e4 e5 2. Nf3 Nc6 3. Bb5 a6 4. Ba4 Nf6 5. O-O Nxe4 6. Bxc6 dxc6 7. d4 exd4 8.
Re1 f5 9. Bg5 Qd5 10. c4 dxc3 11. Nxc3 Qxd1 12. Raxd1 Bd6 13. Nxe4 fxe4 14.
Rxe4+ Kf7 15. Ne5+ Bxe5 16. Rxe5 Be6 17. Rd3 Rhe8 18. Rf3+ Kg8 19. Rfe3 Kf7 20.
Rf3+ Kg8 21. Rfe3 Kf7 1/2-1/2

[Event "SR Extraliga 2017/2018"]
[Site "?"]
[Date "2018.03.02"]
[Round "9.2"]
[White "Papp, Gabor"]
[Black "Vajda, Levente"]
[Result "1-0"]
[WhiteElo "2604"]
[BlackElo "2584"]
[PlyCount "121"]
[EventDate "2017.??.??"]

1. e4 e5 2. Nf3 Nc6 3. Bb5 a6 4. Ba4 Nf6 5. O-O Be7 6. d3 d6 7. c3 O-O 8. Re1
b5 9. Bc2 Re8 10. Nbd2 Bf8 11. Nf1 a5 12. d4 exd4 13. cxd4 Bg4 14. Ng3 Bxf3 15.
gxf3 Nb4 16. Bb1 c5 17. d5 Nd7 18. a3 Na6 19. Kh1 g6 20. Rg1 Kh8 21. Qf1 c4 22.
a4 bxa4 23. Rxa4 Ne5 24. Ra3 Bg7 25. f4 Nd3 26. Bxd3 cxd3 27. Qxd3 Nc5 28. Qf3
a4 29. Bd2 Bxb2 30. Bc3+ Bxc3 31. Qxc3+ f6 32. e5 Rc8 33. exf6 Ne4 34. Qf3 Nxf6
35. Rxa4 Qd7 36. Ra6 Rf8 37. Rc6 Rcd8 38. f5 Qf7 39. fxg6 Qxd5 40. Qxd5 Nxd5
41. Ne4 hxg6 42. Rxg6 Ne7 43. Rh6+ Kg7 44. Rcxd6 Rxd6 45. Rxd6 Rf4 46. Re6 Ng6
47. Kg1 Kh6 48. Kg2 Rg4+ 49. Kf3 Rg1 50. Ra6 Kg7 51. Ng3 Ne5+ 52. Kf4 Nd3+ 53.
Ke3 Ne5 54. h4 Re1+ 55. Kf4 Nd3+ 56. Kf3 Ne5+ 57. Kg2 Ng4 58. h5 Nf6 59. Kf3
Re5 60. Kf4 Rc5 61. Rxf6 1-0

[Event "SR Extraliga 2017/2018"]
[Site "?"]
[Date "2018.03.02"]
[Round "9.3"]
[White "Petenyi, Tamas"]
[Black "Ftacnik, Lubomir"]
[Result "1-0"]
[WhiteElo "2450"]
[BlackElo "2539"]
[PlyCount "109"]
[EventDate "2017.??.??"]

1. e4 c5 2. Nf3 d6 3. d4 cxd4 4. Nxd4 Nf6 5. Nc3 e6 6. Be3 a6 7. f3 b5 8. Qd2
Nbd7 9. O-O-O Bb7 10. Kb1 b4 11. Nce2 d5 12. exd5 Nxd5 13. Nf4 N7f6 14. Bc4
Nxe3 15. Qxe3 Qb6 16. Rhe1 Bc5 17. Nfxe6 fxe6 18. Qxe6+ Qxe6 19. Nxe6 Be7 20.
Nxg7+ Kf8 21. Ne6+ Ke8 22. Ng7+ Kf8 23. Ne6+ Ke8 24. Nc7+ Kf8 25. Nxa8 Bxa8 26.
Re6 Bb7 27. Rxf6+ Bxf6 28. Rd7 Bxf3 29. Rf7+ Ke8 30. Rxf6 Bxg2 31. Bxa6 Rg8 32.
b3 Rg4 33. Bd3 Rh4 34. Rf2 Bc6 35. Kb2 Ke7 36. a3 bxa3+ 37. Kxa3 h6 38. c4 Kd6
39. Kb4 Bd7 40. Kc3 Rh3 41. b4 Bc6 42. Rf6+ Kd7 43. Kd4 Rxh2 44. Bf5+ Kc7 45.
Kc5 Be8 46. b5 Rh5 47. Kb4 Rh4 48. Be6 Rh1 49. Bd5 Rb1+ 50. Kc5 h5 51. b6+ Kd8
52. Rf8 Ke7 53. Rh8 Rb2 54. b7 Rb1 55. Bc6 1-0

[Event "SR Extraliga 2017/2018"]
[Site "?"]
[Date "2018.03.02"]
[Round "9.4"]
[White "Plat, Vojtech"]
[Black "Nemeth, Miklos"]
[Result "1/2-1/2"]
[WhiteElo "2560"]
[BlackElo "2492"]
[PlyCount "29"]
[EventDate "2017.??.??"]

1. d4 Nf6 2. c4 e6 3. g3 Bb4+ 4. Nd2 c5 5. a3 Bxd2+ 6. Qxd2 cxd4 7. Nf3 b6 8.
Bg2 Bb7 9. O-O Bxf3 10. Bxf3 Nc6 11. Rd1 O-O 12. Bxc6 dxc6 13. Qxd4 Qxd4 14.
Rxd4 Rfd8 15. Rxd8+ 1/2-1/2

[Event "SR Extraliga 2017/2018"]
[Site "?"]
[Date "2018.03.02"]
[Round "9.5"]
[White "Bokros, Albert"]
[Black "Antal, Gergely"]
[Result "1/2-1/2"]
[WhiteElo "2493"]
[BlackElo "2540"]
[PlyCount "25"]
[EventDate "2017.??.??"]

1. e4 c6 2. d4 d5 3. Nc3 dxe4 4. Nxe4 Bf5 5. Ng3 Bg6 6. Nf3 Nd7 7. Bd3 e6 8.
O-O Ngf6 9. Re1 Be7 10. c3 c5 11. Bg5 O-O 12. Bxg6 hxg6 13. Qe2 1/2-1/2

[Event "SR Extraliga 2017/2018"]
[Site "?"]
[Date "2018.03.02"]
[Round "9.6"]
[White "Pacher, Milan"]
[Black "Czebe, Attila"]
[Result "1-0"]
[WhiteElo "2441"]
[BlackElo "2436"]
[PlyCount "45"]
[EventDate "2017.??.??"]

1. d4 d6 2. Nf3 g6 3. c4 Bg7 4. Nc3 e5 5. e4 Nc6 6. Bg5 f6 7. Be3 Nh6 8. h3 Nf7
9. Qd2 O-O 10. O-O-O b6 11. g4 exd4 12. Nxd4 Nxd4 13. Bxd4 Bb7 14. f4 c5 15.
Be3 f5 16. gxf5 gxf5 17. Rg1 Qf6 18. Bg2 Rab8 19. exf5 Kh8 20. Bxb7 Rxb7 21.
Qg2 Rd7 22. Nd5 Qh6 23. f6 1-0

[Event "SR Extraliga 2017/2018"]
[Site "?"]
[Date "2018.03.02"]
[Round "9.7"]
[White "Varga, Zoltan"]
[Black "Havlicek, Libor"]
[Result "1-0"]
[WhiteElo "2458"]
[BlackElo "2305"]
[PlyCount "163"]
[EventDate "2017.??.??"]

1. e4 c5 2. Nf3 d6 3. d4 cxd4 4. Qxd4 Nc6 5. Qe3 Nf6 6. c4 e6 7. Be2 Be7 8. O-O
O-O 9. Rd1 Qc7 10. h3 b6 11. Nc3 a6 12. b3 Qb8 13. Ba3 Ra7 14. Rd2 Rd8 15. e5
Ne8 16. Rad1 Rad7 17. Na4 Rb7 18. exd6 Bxd6 19. c5 bxc5 20. Bxa6 Ra7 21. Bxc8
Rxc8 22. Bxc5 Bxc5 23. Qxc5 Ne7 24. Rd8 Rac7 25. Rxc8 Qxc8 26. Qd4 Nd5 27. Ne5
Qa6 28. Nc4 h6 29. Rd2 Nef6 30. Kh2 Qb5 31. g3 Qb4 32. Nab2 Rc8 33. Nd3 Qb8 34.
Nde5 Qc7 35. a3 Ne8 36. Ng4 Rb8 37. b4 Nef6 38. Nge5 Ne8 39. Na5 Qc1 40. Qb2
Qf1 41. Qc2 Qa1 42. Nac4 Rc8 43. Qd3 f6 44. Nf3 Qc3 45. Qxc3 Nxc3 46. Ne3 Ra8
47. Rd3 Nb5 48. Nc4 Nec7 49. Na5 Nd5 50. Nd4 Nxd4 51. Rxd4 Rc8 52. Rc4 Rb8 53.
Kg2 Kf7 54. Kf3 Ke8 55. Ke2 Rd8 56. Rc2 Rd7 57. Rc8+ Kf7 58. Kf3 Ne7 59. Rc3
Nd5 60. Rb3 Nb6 61. Ke2 g5 62. Rd3 Rc7 63. Kd2 h5 64. Rc3 Rd7+ 65. Kc2 e5 66.
Rc6 Nd5 67. Nc4 h4 68. gxh4 gxh4 69. Nb6 Nxb6 70. Rxb6 Rc7+ 71. Kb3 Rc1 72. Rd6
e4 73. Rd4 f5 74. b5 Ke6 75. Rc4 Rh1 76. Ka4 Kd5 77. Rc8 f4 78. Ka5 Rxh3 79. a4
Rb3 80. Rh8 h3 81. Rh5+ Kd6 82. b6 1-0

[Event "SR Extraliga 2017/2018"]
[Site "?"]
[Date "2018.03.02"]
[Round "9.8"]
[White "Briestensky, Rastislav"]
[Black "Bagi, Mate"]
[Result "0-1"]
[WhiteElo "2331"]
[BlackElo "2428"]
[PlyCount "92"]
[EventDate "2017.??.??"]

1. e4 e5 2. Nf3 Nc6 3. Bb5 a6 4. Bxc6 dxc6 5. d4 exd4 6. Qxd4 Qxd4 7. Nxd4 Bd7
8. Nc3 O-O-O 9. O-O Ne7 10. a3 c5 11. Nde2 Ng6 12. Nf4 Bd6 13. Nh5 Rhg8 14. h3
Be5 15. f4 Bxc3 16. bxc3 f5 17. Ng3 Ne7 18. Be3 b6 19. Rae1 Rde8 20. exf5 Nxf5
21. Nxf5 Bxf5 22. Rf2 Re6 23. g4 Rge8 24. Rf3 Be4 25. Rg3 g6 26. Kf2 Bxc2 27.
h4 Kb7 28. Rc1 Be4 29. Rh3 h5 30. Rg3 hxg4 31. Rxg4 Rh8 32. f5 Bxf5 33. Rf4
Rhe8 34. Re1 Re4 35. Bd2 Rxe1 36. Bxe1 Bd3 37. Rf3 Re2+ 38. Kf1 c4 39. Bg3 Ra2+
40. Ke1 Rxa3 41. Rf7 a5 42. Bxc7 Ra1+ 43. Kd2 a4 44. Bd8+ Kc8 45. Bxb6 a3 46.
Ra7 a2 0-1

[Event "SR Extraliga 2017/2018"]
[Site "?"]
[Date "2018.03.02"]
[Round "9.1"]
[White "Nagy, Gabor"]
[Black "Gazik, Viktor"]
[Result "1-0"]
[WhiteElo "2481"]
[BlackElo "2475"]
[PlyCount "67"]
[EventDate "2017.??.??"]

1. Nf3 f5 2. d4 Nf6 3. g3 g6 4. Bg2 Bg7 5. O-O O-O 6. Nbd2 c6 7. Re1 Ne4 8. c3
d5 9. Ne5 Nd7 10. Ndf3 a5 11. Bf4 a4 12. Qc2 Ndf6 13. Nd3 h6 14. c4 Be6 15. c5
Qe8 16. Nfe5 g5 17. Bc1 Kh8 18. Rb1 Ra7 19. b3 axb3 20. Rxb3 Bc8 21. f3 Nd6 22.
cxd6 exd6 23. Ra3 Rxa3 24. Bxa3 dxe5 25. Bxf8 Bxf8 26. Nxe5 Bd6 27. Qc3 f4 28.
gxf4 gxf4 29. e3 Qg8 30. Kh1 Bf5 31. e4 Be6 32. Nxc6 bxc6 33. e5 Be7 34. exf6
1-0

[Event "SR Extraliga 2017/2018"]
[Site "?"]
[Date "2018.03.02"]
[Round "9.2"]
[White "Balog, Imre"]
[Black "Michalicka, Milan"]
[Result "1/2-1/2"]
[WhiteElo "2558"]
[BlackElo "2164"]
[PlyCount "175"]
[EventDate "2017.??.??"]

1. d4 Nf6 2. Bg5 Ne4 3. Bf4 d5 4. Nf3 c5 5. e3 Nc6 6. c4 Qa5+ 7. Nbd2 Be6 8.
Be2 Rd8 9. O-O Nxd2 10. Nxd2 cxd4 11. Nb3 Qa4 12. Nxd4 Qxd1 13. Rfxd1 Nxd4 14.
Rxd4 dxc4 15. Rad1 Rxd4 16. Rxd4 f6 17. Bf3 Bd7 18. Rxc4 e5 19. Bg3 Bd6 20.
Bxb7 Ke7 21. Bd5 Rb8 22. Rc2 Rc8 23. Rxc8 Bxc8 24. f3 Bc5 25. Bf2 Kd6 26. Bc4
a5 27. Kf1 h6 28. Ke2 g5 29. Be1 Bb4 30. Bf2 Bc5 31. h4 Bb7 32. a3 Bc6 33. Be1
a4 34. Kd3 f5 35. hxg5 hxg5 36. e4 g4 37. Bc3 gxf3 38. gxf3 fxe4+ 39. fxe4 Be8
40. Bd5 Bb5+ 41. Kc2 Be2 42. Bd2 Bd4 43. Bb4+ Kc7 44. Bf8 Kb6 45. Be7 Bf3 46.
b3 axb3+ 47. Kxb3 Bf2 48. Bd6 Bd1+ 49. Kc4 Bd4 50. Kb4 Be3 51. Bb3 Bf3 52. Bc2
Bf4 53. a4 Kc6 54. Bf8 Bd2+ 55. Kc4 Be2+ 56. Bd3 Bd1 57. Bb4 Be3 58. a5 Bg4 59.
Kc3 Bf2 60. Kb3 Bd1+ 61. Kc4 Ba4 62. Bb1 Bb5+ 63. Kc3 Bd4+ 64. Kb3 Be2 65. Ka4
Bb5+ 66. Ka3 Kb7 67. Kb3 Ka6 68. Bd2 Bc5 69. Bc3 Bd6 70. Bc2 Bc7 71. Ka3 Bxa5
72. Bxe5 Bc6 73. Kb3 Kb7 74. Kc4 Bb6 75. Bd6 Be3 76. Kd3 Bg5 77. Kd4 Bf6+ 78.
Kc5 Bb2 79. Bf4 Ba3+ 80. Kc4 Bb2 81. Bd3 Bg7 82. Bg3 Bb2 83. Bd6 Kc8 84. Bc2
Kd7 85. Bb8 Ke6 86. Kc5 Bxe4 87. Bxe4 Kf6 88. Be5+ 1/2-1/2

[Event "SR Extraliga 2017/2018"]
[Site "?"]
[Date "2018.03.02"]
[Round "9.3"]
[White "Haring, Viktor"]
[Black "Aczel, Gergely"]
[Result "1/2-1/2"]
[WhiteElo "2306"]
[BlackElo "2557"]
[PlyCount "74"]
[EventDate "2017.??.??"]

1. e4 c5 2. Nf3 d6 3. d4 cxd4 4. Nxd4 Nf6 5. Nc3 a6 6. Be3 e5 7. Nb3 Be7 8. Qd2
Be6 9. O-O-O Nbd7 10. f4 b5 11. f5 Bc4 12. g4 Nxg4 13. Rg1 Ndf6 14. Bg5 Bxf1
15. Rdxf1 b4 16. Nd5 Nxe4 17. Bxe7 Nxd2 18. Bxd8 Nxf1 19. Rxg4 Kxd8 20. Na5
Nxh2 21. Rxb4 Rc8 22. Rb7 Rc5 23. Rb8+ Kd7 24. Rb7+ Kd8 25. Rb8+ Kd7 26. Rb7+
Kd8 27. Rb8+ Rc8 28. Rb7 Rc5 29. Rb8+ Rc8 30. Rb7 Rc5 31. Rb8+ Rc8 32. Rb7 Rc5
33. Rb8+ Rc8 34. Rb7 Rc5 35. Rb8+ Rc8 36. Rb7 Rc5 37. Rb8+ Rc8 1/2-1/2

[Event "SR Extraliga 2017/2018"]
[Site "?"]
[Date "2018.03.02"]
[Round "9.4"]
[White "Horvath, Csaba"]
[Black "Haring, Filip"]
[Result "1-0"]
[WhiteElo "2515"]
[BlackElo "2337"]
[PlyCount "105"]
[EventDate "2017.??.??"]

1. Nf3 d5 2. e3 Nf6 3. c4 e6 4. Nc3 Be7 5. b3 O-O 6. Bb2 dxc4 7. Bxc4 a6 8. d4
b5 9. Bd3 Bb7 10. Qc2 c5 11. dxc5 Nc6 12. a3 b4 13. Na4 bxa3 14. Bxa3 Qa5+ 15.
Ke2 e5 16. Ng5 e4 17. Nxe4 Nxe4 18. Bxe4 Bf6 19. Rad1 Rfe8 20. f3 Qb5+ 21. Kf2
Ne5 22. Nc3 Qa5 23. Bxb7 Rab8 24. c6 Qxa3 25. Nd5 Bd8 26. Rhe1 Qd6 27. Kg1 Bc7
28. f4 Ng4 29. Qf5 Nf6 30. Nxf6+ Qxf6 31. Qxf6 gxf6 32. Kf2 Re7 33. b4 a5 34.
b5 Bb6 35. Kf3 f5 36. e4 fxe4+ 37. Rxe4 Rxe4 38. Kxe4 Re8+ 39. Kf5 Rd8 40. Rc1
Rd5+ 41. Ke4 Rd4+ 42. Ke5 f6+ 43. Kf5 Bc7 44. b6 Rxf4+ 45. Ke6 Bxb6 46. c7 Bxc7
47. Rxc7 a4 48. Bd5 h5 49. Rc4 Rxc4 50. Bxc4 Kg7 51. Kf5 h4 52. Kg4 Kg6 53.
Bd3+ 1-0

[Event "SR Extraliga 2017/2018"]
[Site "?"]
[Date "2018.03.02"]
[Round "9.5"]
[White "Sorkovsky, Miroslav"]
[Black "Vass, Frantisek"]
[Result "1/2-1/2"]
[WhiteElo "2122"]
[BlackElo "2319"]
[PlyCount "69"]
[EventDate "2017.??.??"]

1. e4 e6 2. d4 d5 3. Nc3 Nf6 4. e5 Nfd7 5. f4 c5 6. Nf3 Nc6 7. Be3 Qb6 8. Na4
Qa5+ 9. c3 cxd4 10. b4 Qc7 11. Nxd4 Nxd4 12. Bxd4 Be7 13. Be2 f6 14. exf6 Bxf6
15. O-O O-O 16. Nb2 Nb6 17. a4 a5 18. b5 Bd7 19. Qd2 Rac8 20. Rac1 Qd6 21. Qe3
Bxd4 22. Qxd4 Qc5 23. g3 Qxd4+ 24. cxd4 Rxc1 25. Rxc1 Rc8 26. Rxc8+ Bxc8 27. g4
Kf7 28. Bd3 e5 29. fxe5 Bxg4 30. Kf2 h6 31. Bc2 g5 32. Bd3 Ke6 33. Bc2 Bf5 34.
Bd1 Bg6 35. Ke3 1/2-1/2

[Event "SR Extraliga 2017/2018"]
[Site "?"]
[Date "2018.03.02"]
[Round "9.6"]
[White "Chovan, Milan"]
[Black "Urhegyi, Marton"]
[Result "1/2-1/2"]
[WhiteElo "2332"]
[BlackElo "2302"]
[PlyCount "94"]
[EventDate "2017.??.??"]

1. d4 d5 2. c4 c6 3. Nc3 Nf6 4. e3 a6 5. Nf3 b5 6. b3 Bf5 7. Be2 e6 8. O-O Bd6
9. Bb2 Nbd7 10. a4 bxc4 11. bxc4 O-O 12. a5 Ne4 13. cxd5 cxd5 14. Nxe4 Bxe4 15.
Ba3 Bxa3 16. Rxa3 Qe7 17. Qa1 Rfc8 18. Rc3 Bxf3 19. Bxf3 Qb4 20. Rfc1 Rxc3 21.
Rxc3 Rb8 22. Be2 Qb2 23. Qe1 Qa2 24. Rc1 Nf6 25. f3 h6 26. Ra1 Qc2 27. Bxa6 Rb2
28. Bf1 Nd7 29. Rc1 Qa4 30. a6 Ra2 31. Rc8+ Kh7 32. Qb1+ f5 33. Rc1 Qa3 34. Re1
Rb2 35. Qa1 Ra2 36. Qc1 Nb8 37. Qxa3 Rxa3 38. Rc1 Nxa6 39. Rc6 Nb4 40. Rxe6 Nc2
41. Kf2 Ra2 42. Kg3 Ra3 43. Kf2 Ra2 44. Be2 Nb4 45. Ke1 Ra1+ 46. Kf2 Ra2 47.
Ke1 Ra1+ 1/2-1/2

[Event "SR Extraliga 2017/2018"]
[Site "?"]
[Date "2018.03.02"]
[Round "9.7"]
[White "Kamody, Mario"]
[Black "Cibickova, Zuzana"]
[Result "0-1"]
[WhiteElo "2237"]
[BlackElo "2320"]
[PlyCount "62"]
[EventDate "2017.??.??"]

1. c4 e5 2. g3 Nf6 3. Bg2 c6 4. d4 e4 5. d5 Bb4+ 6. Bd2 Qe7 7. a3 Bc5 8. Nc3
cxd5 9. Nxd5 Nxd5 10. cxd5 O-O 11. e3 d6 12. Rc1 Nd7 13. Ne2 Ne5 14. Bxe4 f5
15. Bb1 Nf3+ 16. Kf1 f4 17. Nxf4 Rxf4 18. gxf4 Bh3+ 19. Ke2 Bg4 20. Qa4 a5 21.
Rxc5 dxc5 22. Ba2 Nd4+ 23. Kd3 Bf5+ 24. Kc3 Ne2+ 25. Kb3 c4+ 26. Qxc4 a4+ 27.
Qxa4 Rxa4 28. Kxa4 Qe4+ 29. Bb4 Qxh1 30. d6+ Kh8 31. Bc4 Bd7+ 0-1

[Event "SR Extraliga 2017/2018"]
[Site "?"]
[Date "2018.03.02"]
[Round "9.8"]
[White "Gazik, Igor"]
[Black "Turcan, Richard"]
[Result "0-1"]
[WhiteElo "2242"]
[BlackElo "2146"]
[PlyCount "124"]
[EventDate "2017.??.??"]

1. e4 c5 2. Nc3 Nc6 3. g3 g6 4. Bg2 Bg7 5. d3 d6 6. Be3 f5 7. exf5 Bxf5 8. g4
Bd7 9. h3 Nd4 10. Qd2 Qb6 11. O-O-O Bc6 12. f4 Nf6 13. Re1 O-O 14. Rh2 Kh8 15.
Nd1 Rae8 16. c3 Bxg2 17. Rxg2 Nc6 18. f5 Ne5 19. Nf2 Qc6 20. Rg3 e6 21. Bh6
exf5 22. gxf5 Bxh6 23. Qxh6 Nf7 24. Qd2 Rxe1+ 25. Qxe1 Re8 26. Qd2 gxf5 27. Nf3
Rg8 28. Ng5 Nxg5 29. Rxg5 Qf3 30. Rxg8+ Kxg8 31. b3 f4 32. d4 cxd4 33. Qxd4
Qe3+ 34. Qxe3 fxe3 35. Nd3 Ne4 36. Kc2 Nf2 37. Nf4 Kg7 38. h4 b5 39. c4 bxc4
40. bxc4 Kf7 41. a4 Ne4 42. Kd3 Nc5+ 43. Kxe3 Nxa4 44. Kd4 a5 45. Kd5 Nb6+ 46.
Kxd6 a4 47. Ne2 a3 48. Nc3 Nxc4+ 49. Kc5 Ne3 50. Na2 Kg6 51. Kb4 Kh5 52. Kxa3
Kxh4 53. Nc3 h5 54. Ne4 Kh3 55. Kb3 h4 56. Kc3 Kg2 57. Kd3 Ng4 58. Ng5 Ne5+ 59.
Ke3 Nf7 60. Nf3 h3 61. Nh4+ Kg3 62. Nf5+ Kg4 0-1

[Event "SR Extraliga 2017/2018"]
[Site "?"]
[Date "2018.03.03"]
[Round "9.1"]
[White "Miton, Kamil"]
[Black "Cernousek, Lukas"]
[Result "1/2-1/2"]
[WhiteElo "2606"]
[BlackElo "2464"]
[PlyCount "52"]
[EventDate "2017.??.??"]

1. d4 d5 2. c4 e6 3. Nc3 Nf6 4. cxd5 Nxd5 5. e4 Nxc3 6. bxc3 c5 7. Nf3 cxd4 8.
cxd4 Bb4+ 9. Bd2 Bxd2+ 10. Qxd2 O-O 11. Bc4 Nd7 12. O-O b6 13. a4 Bb7 14. Rfe1
Rc8 15. Bd3 a5 16. Rab1 Qe7 17. Qf4 Rfd8 18. h3 h6 19. Bf1 Rc3 20. Bb5 Nf6 21.
Rbd1 Qc7 22. Ne5 Nh5 23. Qh4 Nf6 24. Qf4 Nh5 25. Qh4 Nf6 26. Qf4 Nh5 1/2-1/2

[Event "SR Extraliga 2017/2018"]
[Site "?"]
[Date "2018.03.03"]
[Round "9.2"]
[White "Ponizil, Cyril"]
[Black "Antoniewski, Rafal"]
[Result "1/2-1/2"]
[WhiteElo "2484"]
[BlackElo "2529"]
[PlyCount "32"]
[EventDate "2017.??.??"]

1. e4 c5 2. Nf3 d6 3. d4 Nf6 4. Nc3 cxd4 5. Nxd4 a6 6. Bg5 Nbd7 7. Qe2 h6 8.
Bh4 g6 9. O-O-O e5 10. Nb3 Be7 11. f3 b5 12. a3 Qc7 13. g4 Nb6 14. Na5 Nbd7 15.
Nb3 Nb6 16. Na5 Nbd7 1/2-1/2

[Event "SR Extraliga 2017/2018"]
[Site "?"]
[Date "2018.03.03"]
[Round "9.3"]
[White "Bulski, Krzysztof"]
[Black "Motuz, Karol"]
[Result "1/2-1/2"]
[WhiteElo "2537"]
[BlackElo "2407"]
[PlyCount "25"]
[EventDate "2017.??.??"]

1. e4 e6 2. d4 d5 3. Nd2 Be7 4. Ngf3 Nf6 5. e5 Nfd7 6. c4 c5 7. cxd5 exd5 8.
Bb5 Nc6 9. O-O Qb6 10. Ba4 O-O 11. Re1 cxd4 12. Nb3 Nc5 13. Nbxd4 1/2-1/2

[Event "SR Extraliga 2017/2018"]
[Site "?"]
[Date "2018.03.03"]
[Round "9.4"]
[White "Roubalik, Jakub"]
[Black "Tazbir, Marcin"]
[Result "1/2-1/2"]
[WhiteElo "2385"]
[BlackElo "2526"]
[PlyCount "42"]
[EventDate "2017.??.??"]

1. d4 Nf6 2. c4 g6 3. Nc3 Bg7 4. e4 O-O 5. Nge2 d6 6. Ng3 c5 7. d5 e6 8. Be2
exd5 9. cxd5 a6 10. a4 Re8 11. O-O h5 12. Bg5 Nbd7 13. Re1 Nf8 14. f3 Qb6 15.
Qd2 N8h7 16. Be3 h4 17. Nf1 Nd7 18. Qc2 Ne5 19. Nd2 g5 20. a5 Qd8 21. Na4 Qf6
1/2-1/2

[Event "SR Extraliga 2017/2018"]
[Site "?"]
[Date "2018.03.03"]
[Round "9.5"]
[White "Jurcik, Martin"]
[Black "Vojtek, Vladimir"]
[Result "1/2-1/2"]
[WhiteElo "2328"]
[BlackElo "2291"]
[PlyCount "67"]
[EventDate "2017.??.??"]

1. e4 c5 2. Nf3 d6 3. d4 cxd4 4. Nxd4 Nf6 5. Nc3 a6 6. Be2 e5 7. Nb3 Be7 8. g4
h6 9. Be3 Be6 10. Bf3 Nbd7 11. Qe2 Qc7 12. O-O-O Nb6 13. h4 O-O-O 14. g5 hxg5
15. hxg5 Nfd7 16. Bg4 Nc4 17. Bxe6 fxe6 18. Qg4 Rxh1 19. Rxh1 Nf8 20. Nd5 Qd7
21. Nb6+ Nxb6 22. Bxb6 Re8 23. Be3 Kb8 24. f4 exf4 25. Qxf4 Rc8 26. Rh8 e5 27.
Qf5 Ne6 28. Rxc8+ Kxc8 29. Qg6 d5 30. Qf5 Nxg5 31. Qxe5 Nxe4 32. Qxg7 Qh3 33.
Qg8+ Bd8 34. Qg1 1/2-1/2

[Event "SR Extraliga 2017/2018"]
[Site "?"]
[Date "2018.03.03"]
[Round "9.6"]
[White "Veres, Andrej"]
[Black "Likavsky, Tomas"]
[Result "0-1"]
[WhiteElo "2218"]
[BlackElo "2426"]
[PlyCount "56"]
[EventDate "2017.??.??"]

1. e4 c5 2. Nf3 d6 3. d4 cxd4 4. Nxd4 Nf6 5. Nc3 Nc6 6. f3 e5 7. Nb3 Be7 8. Be3
O-O 9. g4 Be6 10. Qe2 a5 11. O-O-O a4 12. Nc5 a3 13. Nxe6 axb2+ 14. Kb1 fxe6
15. g5 Ne8 16. Bh3 Bxg5 17. Bxe6+ Kh8 18. Bxg5 Qxg5 19. Rhg1 Qh6 20. Bd7 Nd4
21. Qg2 Nc7 22. f4 Rxf4 23. Ne2 Nxe2 24. Qxe2 Na6 25. Qd2 Nc5 26. Qxd6 Qxd6 27.
Rxd6 Rd8 28. Rgd1 Nxe4 0-1